Lưới điện và hệ thống điện
Đã lưu trong:
| Tác giả chính: | |
|---|---|
| Định dạng: | Sách |
| Ngôn ngữ: | Undetermined |
| Được phát hành: |
Hà Nội
KHKT
2004
|
| Những chủ đề: | |
| Các nhãn: |
Thêm thẻ
Không có thẻ, Là người đầu tiên thẻ bản ghi này!
|
| Thư viện lưu trữ: | Trung tâm Học liệu Trường Đại học Cần Thơ |
|---|
| LEADER | 00547nam a2200193Ia 4500 | ||
|---|---|---|---|
| 001 | CTU_62596 | ||
| 008 | 210402s9999 xx 000 0 und d | ||
| 020 | |b 35500 | ||
| 082 | |a 621.319 | ||
| 082 | |b B102/T.2 | ||
| 100 | |a Trần Bách | ||
| 245 | 0 | |a Lưới điện và hệ thống điện | |
| 245 | 0 | |c Trần Bách | |
| 260 | |a Hà Nội | ||
| 260 | |b KHKT | ||
| 260 | |c 2004 | ||
| 650 | |a electric power systems,electric power transmission | ||
| 904 | |i Minh | ||
| 980 | |a Trung tâm Học liệu Trường Đại học Cần Thơ | ||